Statistics for 100 most popular ncs songs (February 2024)

Click here to take the quiz!

General Stats

  • This quiz has been taken 13 times
  • The average score is 44 of 100

Answer Stats

Views/Artist/sAnswer% Correct
506mil/Cartoon & Daniel LeviOn & On
100%
244mil/DisfigureBlank
89%
327mil/Janji & JohnningHeroes Tonight
89%
276mil/DEAF KEVInvincible
89%
257mil/Warriyo & Laura BrehmMortals
89%
267mil/Different Heaven & EH!DEMy Heart
89%
242mil/ElektronomiaSky High
89%
215mil/Electro-LightSymbolism
89%
85mil/Ship Wrek & ZookeepersArk
78%
120mil/Sub UrbanCradles
78%
39mil/Lost SkyFearless
78%
125mil/Syn ColeFeel Good
78%
160mil/SpektremShine
78%
221mil/Cartoon & Coleman TrappWhy We Lose
78%
38mil/Lost SkyDreams
67%
68mil/ElektronomiaEnergy
67%
201mil/Lost Sky & Chris LintonFearless pt 2
67%
73mil/Jim YosefFirefly
67%
55mil/LenskoLet's go!
67%
70mil/Egzod & Maestro Chives & NeoniRoyalty
67%
72mil/Aero Chord & DDARKShootin Stars
67%
132mil/Unknown Brain & Chris LintonSuperhero
67%
103mil/Jo Cohen & Sus WhalesWe Are
67%
70mil/Unknown Brain x Rival & JexControl
56%
96mil/Lost Sky & Sara SkinnerDreams pt 2
56%
39mil/K-391Earth
56%
50mil/Diamond EyesEverything
56%
74mil/DesmeonHellcat
56%
145mil/Julius Dreisig & Zeus X CronaInvisible
56%
107mil/Robin Hustin x TobiMorrow & JexLight It Up
56%
66mil/Jim YosefLink
56%
27mil/Lost SkyLost
56%
72mil/Unknown Brain & Marvin DivineMATAFAKA
56%
46mil/PrismoStronger
56%
50mil/JJDAdventure
44%
26mil/LenskoCetus
44%
50mil/Cartoon vs Futuristik & Mikk MäeC U Again
44%
18mil/3rd PrototypeDancefloor
44%
40mil/Diamond EyesFlutter
44%
44mil/ClarxH.A.Y
44%
54mil/JPBHigh
44%
37mil/Jim Yosef & Anna YvetteLinked
44%
41mil/Dirty Palm & Micah MartinOblivion
44%
40mil/RetroVisionPuzzle
44%
28mil/PrismoWeakness
44%
67mil/Lost Sky & JexWhere We Started
44%
63mil/Unknown Brain & Bri TolaniWhy Do I?
44%
20mil/Jim Yosef & Anna YvetteCan't Wait
33%
27mil/LenskoCircles
33%
18mil/BEAUZ & JVNACrazy
33%
33mil/Max BrhonCyberpunk
33%
27mil/Jim YosefEclipse
33%
20mil/Barren Gates & M.I.M.EEnslaved
33%
20mil/Distrion & Alex SkrindoEntropy
33%
37mil/LaszloFall To Light
33%
27mil/KismaFingertips
33%
44mil/Vanze & Brenton MattheusForever
33%
34mil/Dirty Palm & LexBlazeFreakshow
33%
26mil/Unknown Brain & AviellaInspiration
33%
23mil/Alex SkrindoJumbo
33%
54mil/ElektronomiaLimitless
33%
31mil/Y&VLune
33%
85mil/Different HeavenNekozilla
33%
26mil/Unknown Brain & Heather SommerPerfect 10
33%
41mil/Heuse & Zeus X Crona & Emma SamethPill
33%
28mil/LFZPopsicle
33%
16mil/Egzod & Veronica Bravo & M.I.M.ERise Up
33%
21mil/Distrion & Electro-LightRubik
33%
35mil/Different HeavenSafe And Sound
33%
19mil/Vanze & Neon DreamsSurvive
33%
30mil/NIVIROThe Ghost
33%
20mil/FareohUnder Water
33%
44mil/Axol & Alex SkrindoYou
33%
22mil/Jim YosefArrow
22%
18mil/DesmeonBack From The Dead
22%
17mil/Disfigure & Tara LouiseBlank VIP
22%
21mil/Axol & The Tech ThievesBleed
22%
22mil/IZECOLD & Molly Ann & BrooksClose
22%
36mil/JPB & Ashley ApollodorDefeat The Night
22%
23mil/Barren GatesDevil
22%
19mil/ValenceInfinite
22%
24mil/Spektrum & Sara SkinnerKeep You
22%
41mil/RazihelLove U
22%
68mil/Culture Code & KarraMake Me Move
22%
20mil/Wontolla & Kasger & LimitlessMiles Away
22%
18mil/it's different & Miss MaryOutlaw
22%
18mil/TobuRoots
22%
22mil/Paul FlintSavage
22%
67mil/Diviners & Philly KSavannah
22%
36mil/Unknown Brain & Marvin DivineSay Goodbye
22%
23mil/Rival x Cadmium & Harley Bird & Futuristik & WhogauxSeasons
22%
20mil/it's different & Miss MaryShadows
22%
46mil/Diviners & ContacreastTropic Love
22%
58mil/AnikdoteTurn It Up
22%
24mil/Ship Wrek & Zookeepers & TrauzersVessel
22%
27mil/Giraffe SquadWait For Me
22%
25mil/Krys Talk & Cole SipeWay Back Home
22%
17mil/Rival x Cadmium & RosendaleWillow Tree
22%
21mil/ClarxZig Zag
22%
17mil/ZazaBe Togheter
0%

Score Distribution

Percentile by Number Answered

Percent of People with Each Score

Your Score History

You have not taken this quiz